000 01101nam a2200301 4500
005 20240530110416.0
008 150304s2003 su ok g 000 0 ara d
017 _a1424/2198
_bمصر . دار الكتب المصرية
020 _a8484630153
040 _aEG-CaGPL
041 0 _aara
082 0 4 _221
_a355.8\
_bم أ
100 1 0 _aاس ، دار اديشونز ليما
245 1 0 _aاسلحة الدعم ومعدات القتال /
_cدار اديشونز ليما دار ؛ تعريب محمد صالحى ، سعيد سبيعة
250 _aط1
260 _aالرياض :
_bمكتبة العبيكان ،
_c2003
300 _a95 ص :
_bايض ؛
_c32 سم
490 _aالاسلحة و الامداد ،
_x9960403513
650 0 4 _aالمعدات العسكرية
650 0 4 _aالاسلحة و التسلح
650 0 4 _aالعلوم الحربية
650 0 4 _aالمدافع
650 0 4 _aالاسلحة
700 0 _aمحمد صالحى
_eمترجم
700 0 _aسعيد سبيعة
_eمترجم
942 _2ddc
_cBK
999 _c60550
_d60550